Dạy và học thơ ca dân gian : Sách phục vụ cho giáo viên cấp 2, 3 và SV khoa văn các trường Cao đẳng, Đại học /
Guardat en:
| Autor principal: | |
|---|---|
| Altres autors: | , |
| Format: | Sách giấy |
| Idioma: | Vietnamese |
| Publicat: |
Nghĩa Bình :
Sở Giáo dục ,
1986
|
| Etiquetes: |
Afegir etiqueta
Sense etiquetes, Sigues el primer a etiquetar aquest registre!
|
| Thư viện lưu trữ: | Thư viện Trường Đại học Đà Lạt |
|---|
| LEADER | 00759nam a2200253 4500 | ||
|---|---|---|---|
| 001 | DLU020010089 | ||
| 005 | ##19991111 | ||
| 041 | # | # | |a vie |
| 082 | # | # | |a 807 |b Day |
| 100 | # | # | |a Lê Trí Viễn |
| 245 | # | # | |a Dạy và học thơ ca dân gian : |b Sách phục vụ cho giáo viên cấp 2, 3 và SV khoa văn các trường Cao đẳng, Đại học / |c Lê Trí Viễn, Nguyễn Quốc Túy, Nguyễn Đức Quyền |
| 260 | # | # | |a Nghĩa Bình : |b Sở Giáo dục , |c 1986 |
| 300 | # | # | |a 171 tr.; |c 21 cm. |
| 700 | # | # | |a Nguyễn Đức Quyền |
| 700 | # | # | |a Nguyễn Quốc Túy |
| 992 | # | # | |a 10000 |
| 994 | # | # | |a DLU |
| 900 | # | # | |a False |
| 911 | # | # | |a admin |
| 925 | # | # | |a G |
| 926 | # | # | |a A |
| 927 | # | # | |a SH |
| 980 | # | # | |a Thư viện Trường Đại học Đà Lạt |